000 00818nam a2200313Ia 4500
003 GCL
008 140319s9999 xx 000 0 eng d
040 _aGCL /
_cGCL
082 0 4 _a709
_bG E
100 1 _aGOWING, LAWRENCE
245 1 0 _aTHE ENCYCLOPEDIA OF VISUAL ART /
_cGOWING, LAWRENCE
260 _a[S.N] :
_bENCYCLOPEDIA BRITANNICA,INC. ،
_c1994
650 0 4 _aVISUAL ARTS - SCHOOL
650 0 4 _aART - EGYPT
650 0 4 _aART, BYZANTINE
650 0 4 _aROMANTICISM ART
650 0 4 _aAEGEAN ART
650 0 4 _aARCHAEOLOGICAL ART
650 0 4 _aETRU SCAN ART
650 0 4 _aROMAN ART
650 0 4 _aEARLY ART
650 0 4 _aARTS
650 0 4 _aARTS, HISTORY
650 0 4 _aROMANESQUE ART
650 0 4 _aVISUAL ART
650 0 4 _aARTISTS - BIOGRAPHY
650 0 4 _aSOUTH AFRICAN ART
942 _2ddc
_cBK
999 _c13027
_d13027